30 Female Title Characters Quiz Stats

 Plays Quiz Updated Aug 23, 2014

Support Sporcle.
Go Orange.
Score 0/30 Timer 09:00
1 Play Today
% Correct
Alice in Wonderland
91.3%
Pocahontas
83.7%
There's Something About Mary
80%
Juno
79.5%
Matilda
76.3%
Thelma & Louise
76.2%
Erin Brockovich
74.5%
Bridget Jones's Diary
74.5%
Amélie
72.2%
Carrie
70.9%
Bonnie and Clyde
69.8%
Driving Miss Daisy
69.2%
Romeo + Juliet
63.6%
Coraline
61.6%
Frida
57%
% Correct
Annie Hall
55.8%
Jackie Brown
52%
Forgetting Sarah Marshall
50.7%
Along Came Polly
44.6%
Sophie's Choice
42.8%
Run Lola Run
42.2%
(500) Days of Summer
41.1%
Rosemary's Baby
37.1%
A Fish Called Wanda
34.6%
Lolita
33.8%
Hanna
30.4%
Hansel & Gretel: Witch Hunters
29.6%
Jennifer's Body
28.8%
Philomena
26.3%
Blue Jasmine
22.6%

You're not logged in!

Compare scores with friends on all Sporcle quizzes.
OR
Log In

From the Vault

1-10 Letter A Words II

by sproutcm

Knowing all the words would make you pretty A-class.
Remove Ads.
Support Sporcle.
Get the best of Sporcle when you Go Orange. This ad-free experience offers more features, more stats, and more fun while also helping to support Sporcle. Thank you for becoming a member.

Show Comments

Extras

Top Quizzes Today


Score Distribution

Your Account Isn't Verified!

In order to create a playlist on Sporcle, you need to verify the email address you used during registration. Go to your Sporcle Settings to finish the process.

Report this User

Report this user for behavior that violates our Community Guidelines.

Details: